| 000 | 005420000a22001690004500 | ||
|---|---|---|---|
| 090 |
_aAR _b02454 |
||
| 245 | 1 | 0 | _aNotes on a collection of bats from Montserrat, lesser antilles |
| 650 | 1 | 4 |
_aMurciélagos _92659 |
| 650 | 1 | 4 |
_aColecciones biológicas _94146 |
| 650 | 1 | 4 |
_aTaxonomía animal _98245 |
| 651 | 4 |
_dIsla Monserrat _pAntillas _992749 |
|
| 041 | 0 | _aInglés | |
| 700 | 1 |
_aBaker, Robert J. _994497 |
|
| 100 | 1 |
_aJones, J. Knox _99498 |
|
| 942 | _cARTICULO | ||
| 773 | 1 |
_tOccasional Papers: Museum of Texas Tech University _3430 _h60 _q1-6 _d1979 |
|
| 999 |
_c11521 _d11521 |
||